Acceso (Registro n. 4086)
[ somente texto ]
| 000 -LÍDER | |
|---|---|
| campo de controle de tamanho fixo | 00887aas a2200217 4500 |
| 003 - IDENTIFICADOR DO NÚMERO DE CONTROLE | |
| campo de controle | BR-BrBNA |
| 005 - DATA E HORÁRIO DA ÚLTIMA TRANSAÇÃO | |
| campo de controle | 20230317234000.0 |
| 007 - CAMPO FIXO DE DESCRIÇÃO FÍSICA--INFORMAÇÃO GERAL | |
| campo de controle de tamanho fixo | ta |
| 008 - CAMPO DE DADOS FIXOS--INFORMAÇÃO GERAL | |
| campo de controle de tamanho fixo | 230119b bl ||||| |||| 00| 0 por d |
| 035 ## - NÚMERO DE CONTROLE DO SISTEMA | |
| Número de Controle do Sistema | 000485-5 |
| 040 ## - FONTE DA CATALOGAÇÃO | |
| Instituição da catalogação original | BR-BrBNA |
| Idioma da catalogação | Spa |
| Instituição que transcreveu o registro | BR-BrBNA |
| 042 ## - CÓDIGO DE AUTENTICAÇÃO | |
| Authentication code | N |
| 044 ## - CÓDIGO DO PAÍS DA EMPRESA DE PUBLICAÇÃO/PRODUÇÃO | |
| Código MARC - País | bl |
| 245 ## - TÍTULO | |
| Título | Acceso |
| Restante do título | Boletin Informativo de Medidas Sanitarias y Fitosanitarias |
| Indicação de responsabilidade, etc. | Instituto Interamericano de Cooperacion para la AgriculturaSanidad Agropecuaria e Inocuidad de los Alimentos |
| 260 ## - PUBLICAÇÃO, DISTRIBUIÇÃO, ETC. | |
| Local de publicação, distribuição, etc. | Coronado, Costa Rica , CR |
| Nome do editor, distribuidor, etc. | Inter-American Institute for Cooperation on Agriculture |
| Local da manufatura | CR |
| 270 ## - ENDEREÇO | |
| Endereço | IICA; Apdo. postal 55-2200 Coronado (Costa Rica)/ Tel.: (506)216-0184 / Fax: (506)216-0173 email: sanagro@iica.ac.cr ; www.infoagro.net/salud ; www.iica.int |
| 505 ## - NOTA DE CONTEÚDO FORMATADO | |
| Nota de conteúdo formatado | 2004 (14); 2005 (18); |
| 650 12 - ASSUNTO--TERMO TÓPICO | |
| Miscelânea | AGRICULTURA; ALIMENTO; HIGIENE DE ALIMENTO |
| 909 ## - | |
| -- | 56 |
| -- | Sergio Santos |
| -- | 56 |
| -- | Sergio Santos |
| 942 ## - ELEMENTOS DE ENTRADA ADICIONADOS (KOHA) | |
| Tipo de material Koha | Periódicos |
| Fonte da classificação ou esquema de arquivamento na estante | Classificação AGRIS |
| Situação do descarte | Fonte da classificação ou esquema de arquivamento na estante | Situação física | Não pode ser emprestado | Coleção | Biblioteca de origem | Biblioteca atual | Enumeração do periódico / cronologia | Total de empréstimos | Código de barras | Data de último acesso | Tipo de material Koha | Situação das perdas |
|---|---|---|---|---|---|---|---|---|---|---|---|---|
| Classificação AGRIS | Consulta local | Periódicos agrícolas | Biblioteca Nacional de Agricultura - Binagri | Biblioteca Nacional de Agricultura - Binagri | 2004 (14) | 2023-35111 | 01/03/2023 | Periódicos | ||||
| Classificação AGRIS | Consulta local | Periódicos agrícolas | Biblioteca Nacional de Agricultura - Binagri | Biblioteca Nacional de Agricultura - Binagri | 2005 (18) | 2023-35112 | 01/03/2023 | Periódicos |

BINAGRI